Geografía política y económica de la república argentina /

Guardado en:
Autor Principal: Arnolds, Alfonso
Formato: Libro
Publicado: Buenos Aires : Kapelusz, 1967
Materias:
Etiquetas: Agregar Etiqueta
Sin Etiquetas, Sea el primero en etiquetar este registro!
LEADER 01013nam a22002535a 4500
001 CEM.cems000704
005 20060210000000.0
008 130507s1967##################000#0#####d
003 CEMS
082 0 4 |a 911.82 
100 1 |a Arnolds, Alfonso 
245 1 0 |a Geografía política y económica de la república argentina /  |c Alfonso Arnolds 
260 |a Buenos Aires :  |b Kapelusz,  |c 1967 
300 |a 313 p. 
653 |a Geografia 
653 |a Geografia economica argentina 
653 |a Geografia politica argentina 
859 |a CEMS  |b BIB. CEMS - 11 de abril  |h 911.82  |i Ar64  |p 1572.74  |t Ej.7 
859 |a CEMS  |b BIB. CEMS - 11 de abril  |h 911.82  |i Ar64  |p 1636.74  |t Ej.1 
859 |a CEMS  |b BIB. CEMS - 11 de abril  |h 911.82  |i Ar64  |p 988.73  |t Ej.2 
859 |a CEMS  |b BIB. CEMS - 11 de abril  |h 911.82  |i Ar64  |p 990.73  |t Ej.6 
859 |a CEMS  |b BIB. CEMS - 11 de abril  |h 911.82  |i Ar64  |p 992.73  |t Ej.5 
859 |a CEMS  |b BIB. CEMS - 11 de abril  |h 911.82  |i Ar64  |p 993.73  |t Ej.4 
859 |a CEMS  |b BIB. CEMS - 11 de abril  |h 911.82  |i Ar64  |p 996.73  |t Ej.3